[Event "Chigorin Memorial 19th"]
[Site "St Petersburg"]
[Date "2011.10.15"]
[Round "2"]
[White "Tunik, Gennady"]
[Black "Sokolova, Vera Evgenyevna"]
[Result "1-0"]
[WhiteElo "2412"]
[BlackElo "2052"]
[PlyCount "69"]
[EventDate "2011.10.14"]
[EventType "swiss"]
[EventRounds "9"]
[EventCountry "RUS"]
[SourceTitle "CBM 144 Extra"]
[Source "ChessBase"]
[SourceDate "2011.10.28"]
[SourceVersion "1"]
[SourceVersionDate "2011.10.28"]
[SourceQuality "1"]

1. d4 d5 2. c4 e6 3. Nf3 Nf6 4. Nc3 Be7 5. Bf4 0-0 6. e3 Nh5 7. Be5 c6 8. h3 Nd7 9. Bh2 f5 10. g4 Nhf6 11. gxf5 exf5 12. cxd5 Nxd5 13. Qb3 N7f6 14. 0-0-0 Ne4 15. Nxe4 fxe4 16. Nd2 Rxf2 17. Nxe4 Rf3 18. Re1 Be6 19. Nd2 Rf7 20. e4 Nf4 21. Bc4 Bxc4 22. Qxc4 Nh5 23. Nf3 b5 24. Qb3 Kf8 25. Ne5 Bg5+ 26. Kb1 Rf6 27. Rhf1 Qe8 28. Ng4 Rf7 29. Bd6+ Be7 30. Ne5 Rf6 31. Qe6 Rd8 32. Rxf6+ Nxf6 33. Bxe7+ Qxe7 34. Qxe7+ Kxe7 35. Nxc6+ 1-0

[Event "Chigorin Memorial 18th"]
[Site "St Petersburg"]
[Date "2010.10.30"]
[Round "3"]
[White "Sokolova, Vera Evgenyevna"]
[Black "Bezobrazov, Lev"]
[Result "1-0"]
[WhiteElo "2022"]
[BlackElo "1661"]
[PlyCount "23"]
[EventDate "2010.10.28"]
[EventType "swiss"]
[EventRounds "9"]
[EventCountry "RUS"]
[SourceTitle "EXT 2011"]
[Source "ChessBase"]
[SourceDate "2010.11.26"]
[SourceVersion "1"]
[SourceVersionDate "2010.11.26"]
[SourceQuality "1"]

1. e4 e5 2. Nf3 Nc6 3. Bb5 a6 4. Ba4 d6 5. 0-0 f5 6. d4 b5 7. Bb3 fxe4 8. Ng5 d5 9. dxe5 Nce7 10. Nxe4 dxe4 11. Bf7+ Kxf7 12. Qxd8 1-0

[Event "Chigorin Memorial 18th"]
[Site "St Petersburg"]
[Date "2010.10.28"]
[Round "1"]
[White "Sokolova, Vera Evgenyevna"]
[Black "Lovkov, Roman"]
[Result "0-1"]
[WhiteElo "2022"]
[BlackElo "2414"]
[PlyCount "30"]
[EventDate "2010.10.28"]
[EventType "swiss"]
[EventRounds "9"]
[EventCountry "RUS"]
[SourceTitle "EXT 2011"]
[Source "ChessBase"]
[SourceDate "2010.11.26"]
[SourceVersion "1"]
[SourceVersionDate "2010.11.26"]
[SourceQuality "1"]

1. e4 c6 2. d4 d5 3. e5 Bf5 4. Nd2 e6 5. Nb3 Nd7 6. Nf3 Rb8 7. Be2 h6 8. 0-0 Ne7 9. Bf4 Bh7 10. Rc1 Ng6 11. Be3 Be7 12. Nfd2 c5 13. Nxc5 Nxc5 14. dxc5 d4 15. Bb5+ Kf8 0-1

[Event "St Petersburg Autumn op"]
[Site "St Petersburg"]
[Date "2010.10.16"]
[Round "1"]
[White "Dmitrieva, Tatiana"]
[Black "Sokolova, Vera Evgenyevna"]
[Result "1/2-1/2"]
[WhiteElo "2063"]
[BlackElo "2022"]
[PlyCount "39"]
[EventDate "2010.10.16"]
[EventType "swiss"]
[EventRounds "9"]
[EventCountry "RUS"]
[SourceTitle "EXT 2011"]
[Source "ChessBase"]
[SourceDate "2010.11.26"]
[SourceVersion "1"]
[SourceVersionDate "2010.11.26"]
[SourceQuality "1"]

1. e4 c5 2. Nf3 Nc6 3. d4 cxd4 4. Nxd4 Nf6 5. Nc3 d6 6. Bg5 e6 7. Qd2 Be7 8. 0-0-0 0-0 9. f4 Nxd4 10. Qxd4 Qa5 11. Qd2 Rd8 12. Kb1 h6 13. Bxf6 Bxf6 14. Nd5 Qxd2 15. Nxf6+ gxf6 16. Rxd2 b6 17. g3 Bb7 18. Bg2 Kf8 19. Rhd1 Ke7 20. c3 1/2-1/2

[Event "St Petersburg-ch sf (Women)"]
[Site "St Petersburg"]
[Date "2010.02.19"]
[Round "7"]
[White "Molchanova, Tatjana"]
[Black "Sokolova, Vera Evgenyevna"]
[Result "1-0"]
[WhiteElo "2388"]
[BlackElo "2078"]
[PlyCount "93"]
[EventDate "2010.02.13"]
[EventType "swiss"]
[EventRounds "7"]
[EventCountry "RUS"]
[SourceTitle "CBM 135 Extra"]
[Source "ChessBase"]
[SourceDate "2010.05.04"]
[SourceVersion "1"]
[SourceVersionDate "2010.05.04"]
[SourceQuality "1"]

1. d4 d5 2. Nf3 e6 3. c4 c5 4. cxd5 exd5 5. Bg5 Be7 6. Bxe7 Nxe7 7. dxc5 Qa5+ 8. Qd2 Qxc5 9. Qc3 Nd7 10. e3 0-0 11. Qxc5 Nxc5 12. Nc3 Bf5 13. Rd1 Rad8 14. Nd4 Bg6 15. Be2 Ne4 16. Nb1 Rc8 17. Na3 a6 18. 0-0 h6 19. Nb1 Rc7 20. f3 Nd6 21. Kf2 Re8 22. Bd3 Nef5 23. Nxf5 Nxf5 24. Bxf5 Bxf5 25. Nc3 Be6 26. Rd4 Rd7 27. Rfd1 Red8 28. Na4 Rc7 29. R1d2 b5 30. Nc3 Rcd7 31. a4 bxa4 32. Nxa4 a5 33. Kg3 Kf8 34. Nc3 Ke7 35. h4 g5 36. hxg5 hxg5 37. Ra4 Ra8 38. Ra3 Rdd8 39. Rd4 Rdb8 40. Nxd5+ Bxd5 41. Rxd5 Rxb2 42. Rxg5 Re2 43. Kf4 a4 44. Re5+ Kd6 45. g4 Ra6 46. Re4 Kd5 47. Raxa4 1-0

[Event "St Petersburg-ch sf (Women)"]
[Site "St Petersburg"]
[Date "2010.02.15"]
[Round "3"]
[White "Sokolova, Vera Evgenyevna"]
[Black "Ivkina, Olga"]
[Result "0-1"]
[WhiteElo "2078"]
[BlackElo "2279"]
[PlyCount "92"]
[EventDate "2010.02.13"]
[EventType "swiss"]
[EventRounds "7"]
[EventCountry "RUS"]
[SourceTitle "CBM 135 Extra"]
[Source "ChessBase"]
[SourceDate "2010.05.04"]
[SourceVersion "1"]
[SourceVersionDate "2010.05.04"]
[SourceQuality "1"]

1. e4 e6 2. d4 d5 3. e5 c5 4. c3 Nc6 5. Nf3 Qb6 6. a3 Bd7 7. b4 cxb4 8. cxb4 Rc8 9. Be2 Nge7 10. 0-0 Nf5 11. Be3 Be7 12. Qd2 f6 13. exf6 Bxf6 14. Rd1 e5 15. dxe5 Nxe3 16. exf6 Nxd1 17. Qxd1 gxf6 18. Qxd5 Ne7 19. Qh5+ Ng6 20. Nbd2 0-0 21. Bd3 Kg7 22. h4 Qd6 23. Bf1 f5 24. Nc4 Qf4 25. Rd1 Ba4 26. Rd4 Qh6 27. Qg5 Qxg5 28. Nxg5 Rf6 29. Nb2 Be8 30. Bc4 Ne5 31. Bb3 Rc1+ 32. Nd1 h6 33. Nh3 Bf7 34. Bxf7 Nxf7 35. Kh2 Rd6 36. Ne3 Rxd4 37. Nxf5+ Kf6 38. Nxd4 Ra1 39. g4 Rxa3 40. f4 Rd3 41. g5+ hxg5 42. hxg5+ Kg7 43. Ne6+ Kg6 44. Nc5 Rd4 45. b5 Rd5 46. Nb3 Nd6 0-1

[Event "Peterhof op"]
[Site "Peterhof"]
[Date "2010.01.10"]
[Round "9"]
[White "Malyshev, Alexey"]
[Black "Sokolova, Vera Evgenyevna"]
[Result "0-1"]
[WhiteElo "2120"]
[BlackElo "2078"]
[PlyCount "86"]
[EventDate "2010.01.03"]
[EventType "swiss"]
[EventRounds "9"]
[EventCountry "RUS"]
[SourceTitle "CBM 134 Extra"]
[Source "ChessBase"]
[SourceDate "2010.03.03"]
[SourceVersion "1"]
[SourceVersionDate "2010.03.03"]
[SourceQuality "1"]

1. d4 d5 2. Nf3 e6 3. Bg5 Be7 4. Bf4 Nf6 5. e3 0-0 6. Bd3 c5 7. c3 Nc6 8. 0-0 Nh5 9. Nbd2 Nxf4 10. exf4 Qc7 11. Ne5 cxd4 12. Nxc6 bxc6 13. cxd4 Qxf4 14. Nf3 Bb7 15. Qc2 Qh6 16. Rfe1 Rac8 17. Qa4 a6 18. Rac1 Rfd8 19. Rc2 Qf4 20. Rec1 Bd6 21. Re1 Rd7 22. Qa5 Re7 23. Qd2 Qxd2 24. Nxd2 c5 25. dxc5 Rxc5 26. Rxc5 Bxc5 27. Rc1 Bb6 28. Nb3 g6 29. Rc3 a5 30. Nc5 d4 31. Rc4 Bd5 32. Rc2 Rc7 33. Na4 Rxc2 34. Bxc2 Bc7 35. b3 e5 36. Nc5 f5 37. f3 Bb6 38. Nd7 d3+ 39. Kf1 dxc2 40. Nxb6 c1Q+ 41. Ke2 Qc2+ 42. Kf1 Qd3+ 43. Kf2 Qd4+ 0-1

[Event "Peterhof op"]
[Site "Peterhof"]
[Date "2010.01.03"]
[Round "1"]
[White "Sokolova, Vera Evgenyevna"]
[Black "Fedorov, Sergey"]
[Result "1-0"]
[WhiteElo "2078"]
[BlackElo "2139"]
[PlyCount "59"]
[EventDate "2010.01.03"]
[EventType "swiss"]
[EventRounds "9"]
[EventCountry "RUS"]
[SourceTitle "CBM 134 Extra"]
[Source "ChessBase"]
[SourceDate "2010.03.03"]
[SourceVersion "1"]
[SourceVersionDate "2010.03.03"]
[SourceQuality "1"]

1. e4 e5 2. Nf3 Nf6 3. Nxe5 d6 4. Nc4 Nxe4 5. d4 d5 6. Ne3 Be7 7. Bd3 0-0 8. 0-0 Nc6 9. c3 f5 10. Qb3 Be6 11. f3 Nd6 12. a4 b6 13. Na3 Na5 14. Qc2 c5 15. dxc5 bxc5 16. b4 cxb4 17. cxb4 Rc8 18. Qa2 Nac4 19. Re1 Qd7 20. Qe2 Bf6 21. Rb1 Rfe8 22. Qd1 Nxe3 23. Bxe3 d4 24. Bf2 Bc4 25. Rxe8+ Qxe8 26. Nxc4 Nxc4 27. Qb3 Qf7 28. Rc1 Nd6 29. Rxc8+ Nxc8 30. Bc4 1-0

[Event "Chigorin Memorial 17th"]
[Site "St Petersburg"]
[Date "2009.10.22"]
[Round "7"]
[White "Vunder, Andrei"]
[Black "Sokolova, Vera Evgenyevna"]
[Result "1/2-1/2"]
[WhiteElo "2246"]
[BlackElo "2087"]
[PlyCount "83"]
[EventDate "2009.10.16"]
[EventType "swiss"]
[EventRounds "9"]
[EventCountry "RUS"]
[SourceTitle "CBM 132 Extra"]
[Source "ChessBase"]
[SourceDate "2009.11.03"]
[SourceVersion "1"]
[SourceVersionDate "2009.11.03"]
[SourceQuality "1"]

1. d4 d5 2. Nf3 e6 3. Bf4 c5 4. c3 Nc6 5. e3 f5 6. Nbd2 Nf6 7. Bd3 Be7 8. h3 Ne4 9. g4 c4 10. Bc2 0-0 11. gxf5 exf5 12. h4 b5 13. a3 a5 14. Ne5 Nxe5 15. Bxe5 Nxd2 16. Kxd2 Ra6 17. Qf3 Bf6 18. Bxf6 Rfxf6 19. Rag1 b4 20. Rg5 bxc3+ 21. bxc3 Be6 22. Rhg1 Qf8 23. Qf4 h6 24. R5g3 Ra7 25. Rb1 Kh7 26. Rb6 g6 27. Qe5 Re7 28. h5 g5 29. Rf3 Kg7 30. Rb8 Qf7 31. Rd8 Bd7 32. Qb8 Be6 33. Qe5 Bd7 34. Qb8 Be6 35. Qa8 Ra7 36. Rg8+ Kh7 37. Rh8+ Kg7 38. Rg8+ Kh7 39. Rh8+ Kg7 40. Qb8 Rb7 41. Rg8+ Kh7 42. Rh8+ 1/2-1/2

[Event "Chigorin Memorial 17th"]
[Site "St Petersburg"]
[Date "2009.10.18"]
[Round "3"]
[White "Burtasova, Anna"]
[Black "Sokolova, Vera Evgenyevna"]
[Result "1-0"]
[WhiteElo "2331"]
[BlackElo "2087"]
[PlyCount "79"]
[EventDate "2009.10.16"]
[EventType "swiss"]
[EventRounds "9"]
[EventCountry "RUS"]
[SourceTitle "CBM 132 Extra"]
[Source "ChessBase"]
[SourceDate "2009.11.03"]
[SourceVersion "1"]
[SourceVersionDate "2009.11.03"]
[SourceQuality "1"]

1. e4 c5 2. Nf3 Nc6 3. c3 Nf6 4. e5 Nd5 5. Bc4 e6 6. 0-0 Be7 7. d4 cxd4 8. cxd4 d6 9. Nbd2 dxe5 10. dxe5 0-0 11. Qe2 Na5 12. Bb5 Bd7 13. Ne4 Bxb5 14. Qxb5 Qb6 15. Qe2 Rac8 16. Rd1 Rc7 17. Nd4 Rc4 18. Be3 Nxe3 19. fxe3 Rcc8 20. Qg4 Kh8 21. b3 Nc6 22. Nd6 Rcd8 23. Nc4 Qc5 24. Nxc6 Qxc6 25. Rac1 Qa6 26. Rxd8 Rxd8 27. Rf1 f5 28. exf6 Bxf6 29. e4 e5 30. Qf5 Qc6 31. Kh1 Qd7 32. g4 Qe7 33. Ne3 Qd7 34. g5 Qxf5 35. Rxf5 Be7 36. Rxe5 Bb4 37. Rb5 Bd2 38. Nc4 b6 39. Nxd2 Rxd2 40. Rd5 1-0

[Event "Chigorin Memorial 17th"]
[Site "St Petersburg"]
[Date "2009.10.16"]
[Round "1"]
[White "Hovhannisyan, Robert"]
[Black "Sokolova, Vera Evgenyevna"]
[Result "1/2-1/2"]
[WhiteElo "2463"]
[BlackElo "2087"]
[PlyCount "92"]
[EventDate "2009.10.16"]
[EventType "swiss"]
[EventRounds "9"]
[EventCountry "RUS"]
[SourceTitle "CBM 132 Extra"]
[Source "ChessBase"]
[SourceDate "2009.11.03"]
[SourceVersion "1"]
[SourceVersionDate "2009.11.03"]
[SourceQuality "1"]

1. e4 c5 2. Nc3 Nc6 3. Nge2 Nf6 4. d4 cxd4 5. Nxd4 d6 6. Bg5 e6 7. Qd2 Be7 8. 0-0-0 0-0 9. f4 Nxd4 10. Qxd4 Qa5 11. e5 dxe5 12. Qxe5 Qxe5 13. fxe5 Nd5 14. Bxe7 Nxe7 15. Bd3 Nc6 16. Rhe1 Rd8 17. g4 Bd7 18. g5 Ne7 19. Ne4 Nf5 20. Nd6 Nxd6 21. exd6 Rac8 22. Be4 Bc6 23. Rd3 Rd7 24. b3 b5 25. Kb2 Bxe4 26. Rxe4 Rc5 27. h4 Rc6 28. Red4 a6 29. h5 Kf8 30. c4 bxc4 31. bxc4 e5 32. Rd5 Rxc4 33. Rxe5 f6 34. Rf5 Kf7 35. h6 Rg4 36. gxf6 gxf6 37. Ra5 Rb4+ 38. Kc3 Rb6 39. Rc5 Ke6 40. Re3+ Kxd6 41. Rc4 f5 42. Rd4+ Kc7 43. Rf4 Rxh6 44. Rxf5 Rh2 45. a3 h5 46. Re6 Kb7 1/2-1/2

[Event "St Petersburg Rudenko Memorial (Women)"]
[Site "St Petersburg"]
[Date "2009.08.30"]
[Round "5"]
[White "Sokolova, Vera Evgenyevna"]
[Black "Berend, Elvira S"]
[Result "1-0"]
[WhiteElo "2088"]
[BlackElo "2339"]
[PlyCount "67"]
[EventDate "2009.08.24"]
[EventType "swiss"]
[EventRounds "9"]
[EventCountry "RUS"]
[SourceTitle "CBM 132 Extra"]
[Source "ChessBase"]
[SourceDate "2009.11.03"]
[SourceVersion "1"]
[SourceVersionDate "2009.11.03"]
[SourceQuality "1"]

1. e4 c5 2. Nf3 a6 3. d4 cxd4 4. Nxd4 Nf6 5. Nc3 e5 6. Nb3 Bb4 7. Bg5 h6 8. Bh4 0-0 9. Qf3 Be7 10. Bxf6 Bxf6 11. Nd5 Bg5 12. h4 Bxh4 13. 0-0-0 Nc6 14. Kb1 d6 15. g3 Be7 16. Qd3 Be6 17. f4 Rc8 18. Rh2 Bf6 19. Bh3 b5 20. Ne3 Nd4 21. Nxd4 exd4 22. Ng4 Bxg4 23. Bxg4 Rc5 24. Rdh1 Re8 25. Bf3 Qc7 26. g4 Kf8 27. Rh5 Rc8 28. Bd1 Qa5 29. g5 hxg5 30. fxg5 Be5 31. Qh3 Ke7 32. Rf1 Qd2 33. Rxf7+ Kxf7 34. Qd7+ 1-0

[Event "St Petersburg Rudenko Memorial (Women)"]
[Site "St Petersburg"]
[Date "2009.08.28"]
[Round "3"]
[White "Kiseleva, Arina"]
[Black "Sokolova, Vera Evgenyevna"]
[Result "1/2-1/2"]
[WhiteElo "1877"]
[BlackElo "2088"]
[PlyCount "84"]
[EventDate "2009.08.24"]
[EventType "swiss"]
[EventRounds "9"]
[EventCountry "RUS"]
[SourceTitle "CBM 132 Extra"]
[Source "ChessBase"]
[SourceDate "2009.11.03"]
[SourceVersion "1"]
[SourceVersionDate "2009.11.03"]
[SourceQuality "1"]

1. d4 d5 2. c4 e6 3. cxd5 exd5 4. Nc3 Nf6 5. Nf3 Bf5 6. Qb3 Nc6 7. a3 Na5 8. Qd1 c6 9. Bg5 h6 10. Bh4 Be7 11. e3 b6 12. Ne5 Nd7 13. Bxe7 Qxe7 14. Nxd7 Qxd7 15. Bd3 0-0 16. 0-0 Nb7 17. Rc1 Nd6 18. b3 Rfe8 19. Bxf5 Qxf5 20. Qc2 Qg5 21. Qe2 Nf5 22. Qf3 Re6 23. Ne2 Nh4 24. Qg3 Qe7 25. Nf4 Rd6 26. Qg4 h5 27. Qxh5 Rh6 28. Qe5 Qxa3 29. Qc7 Qd6 30. Qxd6 Rxd6 31. Rc2 Nf5 32. Rfc1 Ne7 33. Nd3 a5 34. Ne5 Rc8 35. Kf1 f6 36. Nd3 g5 37. h3 Kf7 38. Ke2 Rg8 39. Rh1 Ke6 40. Kf3 Rd7 41. Rcc1 Ra7 42. Nb2 Kd6 1/2-1/2

[Event "St Petersburg-ch (Women)"]
[Site "St Petersburg"]
[Date "2009.05.18"]
[Round "9"]
[White "Gromova, Iulia"]
[Black "Sokolova, Vera Evgenyevna"]
[Result "1/2-1/2"]
[WhiteElo "2185"]
[BlackElo "2064"]
[PlyCount "32"]
[EventDate "2009.05.10"]
[EventType "tourn"]
[EventRounds "10"]
[EventCountry "RUS"]
[SourceTitle "CBM 130 Extra"]
[Source "ChessBase"]
[SourceDate "2009.07.02"]
[SourceVersion "2"]
[SourceVersionDate "2009.07.15"]
[SourceQuality "1"]

1. d4 d5 2. c4 e6 3. Nc3 c6 4. Nf3 Nf6 5. Bg5 h6 6. Bxf6 Qxf6 7. e3 g6 8. Bd3 Bg7 9. 0-0 Qe7 10. Ne5 dxc4 11. Bxc4 0-0 12. Ne4 c5 13. Qe2 cxd4 14. exd4 Nc6 15. Nxc6 bxc6 16. Rfd1 Rd8 1/2-1/2

[Event "St Petersburg-ch (Women)"]
[Site "St Petersburg"]
[Date "2009.05.17"]
[Round "8"]
[White "Zizlova, Sofia"]
[Black "Sokolova, Vera Evgenyevna"]
[Result "1/2-1/2"]
[WhiteElo "2061"]
[BlackElo "2064"]
[PlyCount "39"]
[EventDate "2009.05.10"]
[EventType "tourn"]
[EventRounds "10"]
[EventCountry "RUS"]
[SourceTitle "CBM 130 Extra"]
[Source "ChessBase"]
[SourceDate "2009.07.02"]
[SourceVersion "2"]
[SourceVersionDate "2009.07.15"]
[SourceQuality "1"]

1. c4 e6 2. Nf3 d5 3. g3 Nf6 4. Bg2 c6 5. b3 Be7 6. 0-0 0-0 7. Bb2 Nbd7 8. d3 Qc7 9. Qc2 e5 10. cxd5 Nxd5 11. Nc3 Nxc3 12. Qxc3 Bf6 13. Qc2 a5 14. d4 exd4 15. Nxd4 Qe5 16. Rab1 Qh5 17. Bf3 Qh3 18. Bg2 Qh5 19. Bf3 Qh3 20. Bg2 1/2-1/2

[Event "St Petersburg-ch (Women)"]
[Site "St Petersburg"]
[Date "2009.05.11"]
[Round "2"]
[White "Molchanova, Tatjana"]
[Black "Sokolova, Vera Evgenyevna"]
[Result "1-0"]
[WhiteElo "2321"]
[BlackElo "2064"]
[PlyCount "49"]
[EventDate "2009.05.10"]
[EventType "tourn"]
[EventRounds "10"]
[EventCountry "RUS"]
[SourceTitle "CBM 130 Extra"]
[Source "ChessBase"]
[SourceDate "2009.07.02"]
[SourceVersion "2"]
[SourceVersionDate "2009.07.15"]
[SourceQuality "1"]

1. d4 d5 2. c4 e6 3. Nf3 Nf6 4. Qc2 c6 5. e3 Be7 6. Nbd2 0-0 7. b3 b6 8. Bd3 Bb7 9. 0-0 Na6 10. a3 Rc8 11. e4 h6 12. b4 c5 13. dxc5 bxc5 14. b5 Nc7 15. a4 Nd7 16. exd5 exd5 17. Bf5 d4 18. Re1 Rb8 19. Qd3 Re8 20. Ne4 Bf8 21. Bf4 Ra8 22. Nfg5 hxg5 23. Nxg5 Rxe1+ 24. Rxe1 Be7 25. Bxc7 1-0

[Event "RUS-ch U16 Girls"]
[Site "Dagomys"]
[Date "2009.04.23"]
[Round "9"]
[White "Suslova, Alena"]
[Black "Sokolova, Vera Evgenyevna"]
[Result "1-0"]
[WhiteElo "2151"]
[BlackElo "2064"]
[PlyCount "107"]
[EventDate "2009.04.15"]
[EventType "swiss"]
[EventRounds "9"]
[EventCountry "RUS"]
[SourceTitle "CBM 130 Extra"]
[Source "ChessBase"]
[SourceDate "2009.07.02"]
[SourceVersion "2"]
[SourceVersionDate "2009.07.15"]
[SourceQuality "1"]

1. d4 d5 2. c4 e6 3. Nc3 Nf6 4. Nf3 Be7 5. g3 0-0 6. Bg2 dxc4 7. Ne5 c6 8. Nxc4 Nd5 9. 0-0 b5 10. Ne5 Bb7 11. Qb3 Qb6 12. Rd1 Rd8 13. e4 Nxc3 14. bxc3 Nd7 15. Nxd7 Rxd7 16. Be3 Qd8 17. Rd2 a6 18. Rad1 Rc8 19. c4 Qa5 20. c5 h6 21. h4 Rcd8 22. Rd3 Qc7 23. Bf4 Qc8 24. Qb4 Qa8 25. Bf1 a5 26. Qb3 b4 27. R3d2 Kh7 28. a3 bxa3 29. Qxa3 Qa7 30. Bc4 e5 31. Bxe5 Bxc5 32. Qe3 Bb4 33. Rd3 Ba6 34. Bxa6 Qxa6 35. Qf3 Qc4 36. Qf5+ Kh8 37. d5 f6 38. Bf4 cxd5 39. exd5 Bd6 40. Rd4 Qc3 41. R4d3 Qc4 42. Be3 a4 43. Rd4 Qb5 44. Rb1 Qa6 45. Rg4 Be5 46. Qg6 a3 47. Rb6 Qa5 48. Bxh6 gxh6 49. Rxf6 Rh7 50. Qf5 Qe1+ 51. Kg2 Bd6 52. Rxd6 Qe7 53. Rxd8+ Qxd8 54. Qe5+ 1-0

[Event "RUS-ch U16 Girls"]
[Site "Dagomys"]
[Date "2009.04.20"]
[Round "6"]
[White "Sokolova, Vera Evgenyevna"]
[Black "Trubitsyna, Yulia"]
[Result "1/2-1/2"]
[WhiteElo "2064"]
[BlackElo "1934"]
[PlyCount "103"]
[EventDate "2009.04.15"]
[EventType "swiss"]
[EventRounds "9"]
[EventCountry "RUS"]
[SourceTitle "CBM 130 Extra"]
[Source "ChessBase"]
[SourceDate "2009.07.02"]
[SourceVersion "2"]
[SourceVersionDate "2009.07.15"]
[SourceQuality "1"]

1. e4 d6 2. d4 Nf6 3. Nc3 g6 4. f4 Bg7 5. Nf3 c5 6. dxc5 Qa5 7. Bd3 Qxc5 8. Qe2 0-0 9. Be3 Qa5 10. 0-0 Bg4 11. h3 Bxf3 12. Qxf3 Nc6 13. a3 a6 14. g4 Nd7 15. Bd2 Qd8 16. Rab1 Rc8 17. Ne2 Nd4 18. Nxd4 Bxd4+ 19. Kg2 Bg7 20. c3 b5 21. Rh1 e6 22. Bc2 Nb6 23. Rbd1 Qc7 24. h4 d5 25. exd5 Nxd5 26. h5 Nf6 27. Kf2 Qc6 28. Qh3 Rfd8 29. Qh4 Nxg4+ 30. Qxg4 Rxd2+ 31. Rxd2 Qxh1 32. hxg6 hxg6 33. Bxg6 Qh6 34. Bc2 Qf6 35. Kf1 Rd8 36. Rf2 Kf8 37. f5 e5 38. Rg2 Bh6 39. Bb3 Ke7 40. Re2 Rd6 41. Qe4 Bg7 42. a4 Qh6 43. Qf3 bxa4 44. Bxa4 Kf6 45. Re4 Qg5 46. Re2 Qxf5 47. Qxf5+ Kxf5 48. Rf2+ Kg6 49. Bc2+ Kg5 50. Rxf7 Rf6+ 51. Rxf6 Kxf6 52. Bd3 1/2-1/2

[Event "RUS-ch U16 Girls"]
[Site "Dagomys"]
[Date "2009.04.19"]
[Round "5"]
[White "Sokolova, Vera Evgenyevna"]
[Black "Monina, Polina"]
[Result "1/2-1/2"]
[WhiteElo "2064"]
[BlackElo "1971"]
[PlyCount "80"]
[EventDate "2009.04.15"]
[EventType "swiss"]
[EventRounds "9"]
[EventCountry "RUS"]
[SourceTitle "CBM 130 Extra"]
[Source "ChessBase"]
[SourceDate "2009.07.02"]
[SourceVersion "2"]
[SourceVersionDate "2009.07.15"]
[SourceQuality "1"]

1. e4 e6 2. d4 d5 3. e5 c5 4. c3 Qb6 5. Nf3 Bd7 6. Be2 Bb5 7. dxc5 Bxc5 8. b4 Bxf2+ 9. Kf1 Bd7 10. c4 f6 11. c5 Qxb4 12. Kxf2 Nc6 13. Ba3 Qf4 14. g3 Qf5 15. Bd3 Qh5 16. exf6 Nxf6 17. h3 0-0 18. Kg2 e5 19. Be2 Qf5 20. Bb2 Rae8 21. Na3 a6 22. Rh2 Qg6 23. Nd2 Be6 24. Qe1 d4 25. Bc4 Nd5 26. Kh1 Ne3 27. Bxe6+ Qxe6 28. Qe2 Qd5+ 29. Kg1 Qxc5 30. Nac4 Nxc4 31. Qxc4+ Qxc4 32. Nxc4 Rf3 33. g4 Re6 34. Nd2 Rf4 35. Rf2 Rxf2 36. Kxf2 b6 37. a3 Kf7 38. Ne4 h6 39. Ke2 Ne7 40. Bc1 Nd5 1/2-1/2

[Event "EU-ch (Women) 10th"]
[Site "St Petersburg"]
[Date "2009.03.17"]
[Round "9"]
[White "Shaydullina, Sandugach"]
[Black "Sokolova, Vera Evgenyevna"]
[Result "1/2-1/2"]
[WhiteElo "2232"]
[BlackElo "2084"]
[PlyCount "153"]
[EventDate "2009.03.08"]
[EventType "swiss"]
[EventRounds "11"]
[EventCountry "RUS"]
[SourceTitle "CBM 129 Extra"]
[Source "ChessBase"]
[SourceDate "2009.05.05"]
[SourceVersion "2"]
[SourceVersionDate "2009.05.20"]
[SourceQuality "1"]

1. d4 d5 2. c4 e6 3. Nf3 c5 4. cxd5 exd5 5. Nc3 Nc6 6. g3 Nf6 7. Bg2 Be7 8. 0-0 0-0 9. dxc5 Bxc5 10. a3 a6 11. b4 Ba7 12. Bg5 Be6 13. Bxf6 gxf6 14. e3 Qd7 15. Ne2 Rad8 16. Nfd4 Kh8 17. Rc1 Rg8 18. Nxc6 bxc6 19. Qa4 c5 20. Qxd7 Rxd7 21. bxc5 Rc8 22. c6 Rdc7 23. Nf4 Rxc6 24. Rxc6 Rxc6 25. Nxd5 f5 26. h4 Rc5 27. Nb4 Rc3 28. a4 Ra3 29. a5 Bc5 30. Nxa6 Bf8 31. Rd1 Rxa5 32. Nc7 Ra7 33. Nb5 Rd7 34. Ra1 Kg7 35. Bc6 Rd8 36. Ra7 Bc5 37. Ra8 Rxa8 38. Bxa8 Kf6 39. Kg2 h6 40. Nc7 Bb6 41. Nd5+ Bxd5+ 42. Bxd5 Ke7 43. Kf3 Bc7 44. Ke2 Be5 45. Kd3 Bg7 46. Kc4 Bf6 47. Bb7 Bb2 48. Kb3 Bg7 49. Bc8 Kf6 50. Kc4 Kg6 51. f4 Bb2 52. Kd3 Kf6 53. Bd7 Bc1 54. Bc8 Ba3 55. e4 fxe4+ 56. Kxe4 Bb4 57. g4 Bd2 58. Ba6 Bc1 59. Bc4 Bd2 60. Kf3 Bc1 61. Ba2 Bd2 62. Ke4 Bc1 63. Bb1 Bd2 64. g5+ hxg5 65. hxg5+ Kg7 66. Kf5 Bc3 67. Ba2 f6 68. g6 Bb2 69. Bf7 Bc3 70. Ke4 Bb2 71. Be8 Bc3 72. Kd3 Bb2 73. Ke4 Ba1 74. Kd3 Bb2 75. Ke2 Bd4 76. Kd2 Bb2 77. Kd3 1/2-1/2